000 01017nam a2200397 a 4500
003 AR-BaBNM
005 20251128203904.0
008 082120s2002 ||||||||||||||000 | spa||
040 _cAR-BaBNM
100 1 _aGuirand, Paul
245 0 0 _aHistoria griega
_bvida pública y privada de los griegos
260 _aBuenos Aires
_bJorro
_c1915
300 _a631 p.
_bil., láms.
490 0 _aDe lecturas históricas
504 _aContiene bibliografía para consultar p. VII - X
600 0 4 _aHerodoto
600 0 4 _aPlatón
600 0 4 _aPlutarco
600 0 4 _aDemostenes
600 0 4 _aHipocrates
650 4 _aHISTORIA ANTIGUA
650 4 _aURBANIZACION
650 4 _aGUERRA
650 4 _aIDEOLOGIAS
650 4 _aFILOSOFIA
650 4 _aDOCTRINAS POLITICAS
650 4 _aSOCIEDAD
650 4 _aRELIGION
650 4 _aCIVILIZACIONES ANTIGUAS
650 4 _aECONOMIA
650 4 _aESCLAVITUD
651 4 _aGrecia
700 1 _aVaca, Domingo
_etraductor
942 _cBK
998 _cmariana
999 _c5350
_d5350